01629cam a22002771 45000010005000000030008000050050017000130080041000300350018000710350018000890400070001070410008001770820018001851100086002032450394002892600063006833000054007465040029008005050308008296500030011376500041011677000041012087000036012497100037012857400029013227055BD-RjUL20211208234347.0130114r19591952ncuacg b 001 0 eng d a(BD-RjUL)7097 a(OCoLC)349491 aDLCcOAUdOCoLCdNBrockUdOCoLCdICarbSdOCoLCdDLCdBD-RjULbeng aeng a398bFRA 19592 aDuke University.bLibrary.bFrank C. Brown Collection of North Carolina Folklore.14aThe Frank C. Brown Collection of North Carolina Folklore :bthe folklore of North Carolina, collected by Dr. Frank C. Brown during the years 1912 to 1943, in collaboration with the North Carolina Folklore Society of which he was secretary-treasurer 1913-1943 /cGeneral editor: Newman Ivey White; associate editors: Henry M. Belden [and others] Wood engravings by Clare Leighton.nVolume 1 aDurham, N.C.,bDuke University Presscc1952 [printed 1959] a1 v. (xiv, 712 p.)billus., port., music.c23 cm. aIncludes bibliographies.0 av. 1. Games and rhymes. Beliefs and customs. Riddles. Proverbs. Speech. Tales and legends.--v. 2. Folk ballads from North Carolina.--v. 3. Folk songs from North Carolina.--v. 4. The music of the ballads.--v. 5. The music of the folk songs.--v. 6-7. Popular beliefs and superstitions from North Carolina. 0aFolklorezNorth Carolina. 0aFolk songs, EnglishzNorth Carolina.1 aWhite, Newman Ivey,d1892-1948,eed.1 aBrown, Frank Clyde,d1870-1943.2 aNorth Carolina Folklore Society.0 aNorth Carolina folklore.